Identificación y control adaptativo

Na minha lista:
Detalhes bibliográficos
Main Authors: Aguado Behar, Alberto (Author), Martínez Iranzo, Miguel (Author)
Formato: Livro
Idioma:espanhol
Publicado em: Madrid Pearson Educación 2003
Colecção:Robótica, Automática
Assuntos:
Tags: Adicionar Tag
Sem tags, seja o primeiro a adicionar uma tag!

MARC

LEADER 00000nam a2200000 a 4500
001 UCL2627
003 CL-VaPUC
008 031031e20030000SP |||||||||||||||||spa|d
020 |a 8420535702 
082 0 4 |a 629.892  |b AGU  |2 21 
100 0 |a Aguado Behar, Alberto  |e author  |9 479735 
700 0 |a Martínez Iranzo, Miguel  |e author  |9 479736 
245 1 0 |a Identificación y control adaptativo 
300 |a 285 p 
942 |c BK 
945 |d 20031031 00:00:00  |a cmena 
260 |a Madrid  |b Pearson Educación  |c 2003 
650 0 |a Control automático  |9 259890 
650 0 |a Algoritmos   |9 260639 
650 0 |a Programación de computadores   |9 259531 
583 |a last modification  |c 20031031 00:00:00  |k Rodrigo Vera 
490 0 |a Robótica, Automática 
999 |c 305884  |d 305882 
952 |0 0  |1 0  |2 ddc  |4 0  |6 629_892000000000000_AGU_2003  |7 0  |8 A  |9 370407  |a BIBING  |b BIBING  |c RES  |d 2019-11-21  |i 3957926  |o 629.892 AGU 2003  |p 3957926  |r 2025-01-20  |w 2019-11-21  |y BK  |k EIE